Electromagnetic compatibility in power systems (Record no. 355822)

000 -LEADER
fixed length control field 01494cam a22003857a 4500
001 - CONTROL NUMBER
control field 7690384
003 - CONTROL NUMBER IDENTIFIER
control field USPCAS-E
005 - DATE AND TIME OF LATEST TRANSACTION
control field 20180118181415.0
006 - FIXED-LENGTH DATA ELEMENTS--ADDITIONAL MATERIAL CHARACTERISTICS
fixed length control field m d
007 - PHYSICAL DESCRIPTION FIXED FIELD--GENERAL INFORMATION
fixed length control field cr n
008 - FIXED-LENGTH DATA ELEMENTS--GENERAL INFORMATION
fixed length control field 070131s2007 ne a sb 001 0 eng d
015 ## - NATIONAL BIBLIOGRAPHY NUMBER
National bibliography number GBA667887
Source bnb
016 7# - NATIONAL BIBLIOGRAPHIC AGENCY CONTROL NUMBER
Record control number 013526791
Source Uk
020 ## - INTERNATIONAL STANDARD BOOK NUMBER
International Standard Book Number 9780080452616 (pbk.)
020 ## - INTERNATIONAL STANDARD BOOK NUMBER
International Standard Book Number 0080452612 (pbk.)
035 ## - SYSTEM CONTROL NUMBER
System control number (WaSeSS)ssj0000145105
040 ## - CATALOGING SOURCE
Original cataloging agency UKM
Transcribing agency UKM
Modifying agency BAKER
-- OHX
-- BWKUK
-- DLC
-- WaSeSS
042 ## - AUTHENTICATION CODE
Authentication code lccopycat
050 #4 - LIBRARY OF CONGRESS CALL NUMBER
Classification number TK7867.2
Item number .E444 2007
082 04 - DEWEY DECIMAL CLASSIFICATION NUMBER
Classification number 621.38224
Edition number 22
Author Mark ELE 2007
210 10 - ABBREVIATED TITLE
Abbreviated title Electromagnetic compatibility in power systems
245 00 - TITLE STATEMENT
Title Electromagnetic compatibility in power systems
Medium [electronic resource] /
Statement of responsibility, etc. edited by Francesco Lattarulo.
260 ## - PUBLICATION, DISTRIBUTION, ETC.
Place of publication, distribution, etc. Amsterdam ;
-- Boston :
Name of publisher, distributor, etc. Elsevier,
Date of publication, distribution, etc. c2007.
502 ## - DISSERTATION NOTE
Dissertation note 0
504 ## - BIBLIOGRAPHY, ETC. NOTE
Bibliography, etc. note Includes bibliographical references and index.
506 ## - RESTRICTIONS ON ACCESS NOTE
Terms governing access License restrictions may limit access.
650 #0 - SUBJECT ADDED ENTRY--TOPICAL TERM
Topical term or geographic name entry element Electromagnetic compatibility.
700 1# - ADDED ENTRY--PERSONAL NAME
Personal name Lattarulo, Francesco.
773 #0 - HOST ITEM ENTRY
Title eBook - Engineering 2007 [EBCE07]
773 #0 - HOST ITEM ENTRY
Title Referex Electronics and Electrical Engineering
856 40 - ELECTRONIC LOCATION AND ACCESS
Uniform Resource Identifier <a href="http://www.columbia.edu/cgi-bin/cul/resolve?clio7690384.001">http://www.columbia.edu/cgi-bin/cul/resolve?clio7690384.001</a>
Public note Full text available from eBook - Engineering 2007 [EBCE07]
856 40 - ELECTRONIC LOCATION AND ACCESS
Uniform Resource Identifier <a href="http://www.columbia.edu/cgi-bin/cul/resolve?clio7690384.002">http://www.columbia.edu/cgi-bin/cul/resolve?clio7690384.002</a>
Public note Full text available from Referex Electronics and Electrical Engineering
910 ## - USER-OPTION DATA (OCLC)
User-option data Library of Congress record
942 ## - ADDED ENTRY ELEMENTS (KOHA)
Source of classification or shelving scheme
Koha item type Book
Holdings
Withdrawn status Lost status Source of classification or shelving scheme Damaged status Not for loan Collection code Permanent Location Current Location Shelving location Date acquired Source of acquisition Cost, normal purchase price Total Checkouts Full call number Barcode Date last seen Price effective from Koha item type Copy number
            US-Pakistan Center for Advanced Studies in Energy (USPCAS-E) US-Pakistan Center for Advanced Studies in Energy (USPCAS-E)   12/28/2015 Progressive 23680.00   621.38224 ELE 2007 CAS-E0001042 12/28/2015 12/28/2015 Book  
            US-Pakistan Center for Advanced Studies in Energy (USPCAS-E) US-Pakistan Center for Advanced Studies in Energy (USPCAS-E)   12/28/2015 Progressive 23680.00   621.38224 ELE 2007 CAS-E0001043 12/28/2015 12/28/2015 Book C.2
© 2023 Central Library, National University of Sciences and Technology. All Rights Reserved.